000 01010cam a2200265 a 4500
999 _c129876
_d129876
001 13307360
003 ARRUPE
005 20190924102058.0
008 030811s2002 nr 000 0 eng
010 _a 2003547187
040 _aDLC
_cDLC
042 _apcc
043 _af------
050 0 0 _aHC800
_b.A5677 2002
245 0 4 _aNew Partnership for Africa's Development (NEPAD).
_bNEPAD: a new path?
_cEdited by Peter Anyang'a Nyong'o, Aseghedech Ghirmazion and Davinder Lamba
260 _aNairobi :
_bHeinrich Boll Foundation,
_c2002
300 _aviii, 350 p. ;
_c25 cm.
651 0 _aAfrica
_xEconomic policy
_912207
651 0 _aAfrica
_xForeign economic relations
_931630
710 2 _aCatholic Church.
_bIjebu-Ode Catholic Diocese (Nigeria).
_bJustice, Development, and Peace Commission.
_948235
730 0 _aNew African Initiative.
_948236
906 _a7
_bcbc
_corignew
_d3
_encip
_f20
_gy-gencatlg
942 _2lcc
_cMONOGRAPH